| 000 | 01126nam a2200253 a 4500 | ||
|---|---|---|---|
| 008 | 140403s2014 spca c 000 0 cat|d | ||
| 017 |
_a120-2014 _bOficina Dipòsit Legal Girona |
||
| 040 |
_aES-BaSLP _bcat _cES-BaSLP |
||
| 043 |
_ae-sp--- _be-spcg- _2catmarc |
||
| 080 | _a070(467.13)"1976/2014" | ||
| 080 | _a77(467.13)"1976/2014" | ||
| 245 | 1 | 0 |
_a1976-2014 : _bla crònica dels canvis : el periodisme a les comarques gironines : [catàleg de l'exposició] : Casa de Cultura de Girona del 21 de març al 12 d'abril de 2014 / _c[direcció: Enric Pujol] |
| 246 | 3 | 3 | _aMil nou-cents setanta-sis-dos mil catorze |
| 260 |
_aGirona : _bCol·legi de Periodistes de Catalunya. Demarcació de Girona, _c2014 |
||
| 300 |
_a197 p. : _bil. col. ; _c24 cm |
||
| 650 | 4 |
_aMitjans de comunicació de massa _zGirona (Província) _xExposicions |
|
| 650 | 4 |
_aFotografia periodística _zGirona (Província) _xExposicions |
|
| 700 | 1 |
_aPujol, Enric _edir. |
|
| 710 | 2 |
_aCol·legi de Periodistes de Catalunya. _bDemarcació de Girona |
|
| 710 | 2 | _aFundació Casa de Cultura de Girona | |
| 909 | _agaanvt | ||
| 909 | _aybrcr | ||
| 909 | _aggagbt | ||
| 999 |
_c6864 _d6864 |
||